Vybrané aspekty inovácií

Marketingová stratégia firmy. Inovácia produktov. Inovačný proces. Inovácia v oblasti technickej prípravy výroby. Inovácia v oblasti výrobného programu.

Na minha lista:
Detalhes bibliográficos
Autor principal: Čimo, Jozef
Formato: Capítulo de Livro
Idioma:eslovaco
Assuntos:
Tags: Adicionar Tag
Sem tags, seja o primeiro a adicionar uma tag!

MARC

LEADER 00000naa$a2200000$$$4500
001 0125062
005 20240522074643.4
041 0 |a slo 
044 |a SK 
245 1 0 |a Vybrané aspekty inovácií  |c Jozef Čimo 
520 |a Marketingová stratégia firmy. Inovácia produktov. Inovačný proces. Inovácia v oblasti technickej prípravy výroby. Inovácia v oblasti výrobného programu. 
610 2 0 |a inovácia 
610 2 0 |a marketing 
610 2 0 |a stratégia marketingová 
610 2 0 |a výroba 
610 2 0 |a produkty 
610 2 0 |a inovácia výrobkov 
610 2 0 |a procesy podnikové 
100 1 |a Čimo, Jozef